Prénoms par image - Statistiques

Statistiques générales
  • Ce quiz a été pris 342 fois
  • Le résultat moyen est 19 sur 26
Statistiques - réponses
Par images Réponse % Correct
Rose
100%
Olive
97%
Clémentine
96%
Jean
95%
Lou
95%
Madeleine
94%
Bob
92%
Anne
91%
Iris
89%
Prune
87%
Pierre
86%
Marin
83%
Oscar
81%
Renaud
81%
Noël
80%
Colombe
79%
Marcel
76%
Olivier
65%
Charlotte
64%
César
63%
Romain
49%
Lilas
44%
Jade
42%
Adélaïde
15%
Jeannette
8%
Harmonie
4%
Aucun quiz correspondant
Distribution des résultats
% des personnes avec chaque résultat
Percentile par nombre de réponses
Votre historique - résultats
Vous n’avez pas pris ce quiz